Statistics for 13th Century A-Z

Click here to take the quiz!

General Stats

  • This quiz has been taken 663 times
  • The average score is 14 of 26

Answer Stats

HintAnswer% Correct
J1229This city is recaptured by the Sixth CrusadeJerusalem
93%
O1299This empire is established under Osman IOttoman
91%
V1280sEyeglasses are invented in this powerful Italian city-stateVenice
91%
C1261Byzantines retake this city from CrusadersConstantinople
88%
E1271This king of England arrives in Acre, starting the Ninth CrusadeEdward I
87%
I1230-1248This peninsula is reconquered by ChristiansIberia
86%
L1270This French king dies of dysentary whilst crusadingLouis IX
85%
M1215King John signs this at RunnymedeMagna Carta
82%
A1213This Spanish kingdom is defeated by FranceAragon
74%
P1241This country is ravaged by Mongols after the Battle of LegnicaPoland
69%
N1204This ethnic group's domination of France endsNorman
68%
W1291This Scottish knight wins the battle of Stirling BridgeWilliam Wallace
67%
G1206Temujin rises to power and acquires this titleGenghis Khan
62%
T1242Russians defeat this military order{Teutonic} Knights
58%
Y1271This dynasty is established by Kublai KhanYuan
52%
H1222Andrew II of _______ signs the Golden BullHungary
51%
S1279This dynasty ends after losing the Battle of Yamen to MongolsSong
43%
F1202Liber Abaci is published by this mathematicianFibonacci
34%
X1275Marco Polo recounts a visit to this cityXanadu
34%
Z1202Sacked by Crusaders, this city is brought under the control of VZara
20%
R1200sFirst name of Franciscan advocate for the Scientific MethodRoger Bacon
15%
B1204This man is made first emperor of the Latin EmpireBaldwin
14%
D1217-1221This Egyptian port city is captured by CrusadersDamietta
14%
K1232This capital of the Jin Dynasty is besieged by MongolsKaifeng
13%
U1273The Swiss confederation of Uri, Schwyz, and ___________ is formedUnterwalden
7%
Q1223The Council of Forty, also known as this, rules in VQuarantia
4%

Score Distribution

Percentile by Number Answered

Percent of People with Each Score

Your Score History

You have not taken this quiz